Dwight Solano

Texas A&M B


Categories

History - World History0510453784.6012
Social Science04004076104.5014
History - American History0521406596.6004
History - Other History03112562105.3311
History - European History031225120124.6701
Literature - British Literature020020104116.5002
Literature - World Literature020020131134.5000
Literature - American Literature020020102107.0002
Other03311586107.6702
Literature - European Literature010010143143.0000
Fine Arts - Painting & Sculpture010010130130.0000
Mythology010010106106.0000
Philosophy010010120120.0000
Science - Biology0100105555.0011
Science - Other Science010010111111.0000
Fine Arts - Classical Music01115127127.0000
Religion011058080.0000
Fine Arts - Other Fine Arts000000.0000

Buzzes

OtherThe Dark Side of the Moon-515
History - World Historyturtles1037
History - American HistoryMobile, Alabama-543
Science - Biologyallergy1055
ReligionIsma’il-558
History - American HistoryIraq-558
History - Other Historymedicine1062
OtherSìchuān-565
History - American History19881065
History - World HistorySecond Opium War-570